| 000 | 00400nam a22001457a 4500 | ||
|---|---|---|---|
| 020 | _a9788131768617 | ||
| 082 |
_a546 _bSIN |
||
| 100 | _aSingh, D.N. | ||
| 245 |
_aBasic Concept of Inorganic Chemistry / _cD.N. Singh |
||
| 260 |
_aNew Delhi : _bDorling Kindersley, _c2017. |
||
| 300 |
_a543p. ; _c24 cm. |
||
| 942 |
_2ddc _cBK |
||
| 999 |
_c587821 _d587821 |
||